00806cam a2200217 a 450000100100000000500170001000800410002704000230006808200150009110000270010624501080013326000710024130000330031249000230034549000310036850400420039961000350044165100310047670000270050783000540053400000575420200929151754.0820706s1975 uy a b f001 0 spa  aDO-SdBNPcDLCdDLC a255bF386e1 aFerres, Carlos,d1876-10aÉpoca colonial :bla Compañia de Jesús en Montevideo /cCarlos Ferres ; prólogo, Juan Villegas. aMontevideo, Uruguay :bMinisterio de Educación y Cultura,c1975. axxv, 344 p. :bil. ;c20 cm.1 aBiblioteca Artigas1 aClásicos uruguayosv147. aIncluye referencias bibliográficas.24aJESUISTASzURUGUAYzMONTEVIDEO 4aMontevideo (Uruguay{Rpara}1 aVillegas, Juan,eprol. 0aBiblioteca Artigas.pClásicos uruguayos ;v147.